Przydomki Klubów Piłkarskich - Statystyki

Ogólne statystyki
  • Ten quiz został rozwiązany 48 razy
  • Średni wynik to 2 z 10
Statystyki odpowiedzi
Przydomek Klub % Poprawnych
The Magpies {sroki} Newcastle
65%
Azzuri (Błękitni) Napoli
50%
Giallrossi (żółto-czerwoni) AS Roma
37%
Les Rouge et Blanc {Czerwono-Biali} AS Monaco
26%
Rojiblancos {Czerwono-Biali} Athletic Bilbao
26%
Gigliati (liliowi) Fiorentina
17%
Les Canaris {Kanarki} FC Nantes
15%
Joden {Żydzi} Ajax Amsterdam
11%
Azulones {Niebiescy} Getafe CF
0%
Los Nervionenses Sevilla FC
0%
Nie znaleziono quizów pasujących do podanych kryteriów
Rozkład punktacji
Procent ludzi z każdym wynikiem
Percentyl według liczby udzielonych odpowiedzi
Twoja historia wyników
Nie rozwiązałeś tego quizu